Dexter Morgan Trivia - Statistics

General Stats
  • This quiz has been taken 359 times
  • The average score is 12 of 15
Answer Stats
Questions Answer % Correct
Where does Dexter live? Miami
100%
What is Dexter's last name? Morgan
100%
Who is Dexter's sister? Debra
99%
What is the name of Dexter's son? Harrison
98%
Who was Dexter's wife? Rita
97%
Who was Dexter's dad? Harry
94%
What police station does Dexter work for? Miami Metro
88%
What are Dexter's trophies? Blood slides
83%
What country did Hannah and Harrison flee to? Argentina
81%
What is Dexter's occupation? Blood Spatter Analyst
76%
What are the names of Dexter's step kids? Cody and Astor
76%
What was Dexter's fake name during Season 4? Kyle
74%
Where did Dexter hide his trophies? Air Conditioner
60%
Who is Harrison's nanny? Jamie
58%
What was Dexter's fake name during Dexter: New Blood? Jim
56%
No matching quizzes found
Score Distribution
Percent of People with Each Score
Percentile by Number Answered
Your Score History
You have not taken this quiz